| 000 | 01349nam0a22002891 4500 | ||
|---|---|---|---|
| 001 | rc\435965 | ||
| 005 | 20250621083930.0 | ||
| 035 | _a(NLR Aleph) 005682459 | ||
| 090 |
_a7089323 _c7089323 |
||
| 100 | _a20030616d1987 |||y0rusy50 ca | ||
| 101 | 0 | _arus | |
| 102 | _aRU | ||
| 105 | _aa ||||||||| | ||
| 200 | 1 |
_aТехнологическое оборудование для изготовления опорных кварцевых труб, заготовок и оптических волокон _fЮ.Т. Ларин, к. т. н. |
|
| 210 |
_aМ. _cИнформэлектро _d1987 |
||
| 215 |
_a63 с. _cил. _d21 |
||
| 225 | 1 |
_aЭлектротехническая промышленность _hСерия 19 _iКабельная техника _eОбзор. информ. _fВНИИ информ. и техн.-экон. исслед. в электротехнике _vВып. 3 (8) |
|
| 300 | _aНа обл. авт. не указан | ||
| 300 | _aВ надзаг. также: М-во электротехн. пром-сти СССР | ||
| 320 | _aБиблиогр.: с. 48-53 | ||
| 700 | 1 |
_4070 _7ca _8rus _aЛарин _bЮ. Т. _f1945-2019 _gЮрий Тимофеевич _9271906 _3RU\NLR\AUTH\770271962 |
|
| 801 | 0 |
_aRU _bNLR _gpsbo |
|
| 801 | 1 |
_aRU _bELAR _2rusmarc |
|
| 852 |
_aNLR _jП10/5996 |
||
| 942 | _cBOOK | ||
| 980 | _aNB | ||